UITU Library & LRC     

Introduction To Computers (Record no. 13092)

MARC details
000 -LEADER
fixed length control field 00517nam a2200181Ia 4500
008 - FIXED-LENGTH DATA ELEMENTS--GENERAL INFORMATION
fixed length control field 240925s9999 xx 000 0 und d
020 ## - INTERNATIONAL STANDARD BOOK NUMBER
International Standard Book Number 9780070671201
082 ## - DEWEY DECIMAL CLASSIFICATION NUMBER
Classification number 004 NOR
100 ## - MAIN ENTRY--PERSONAL NAME
Personal name Norton, Peter
245 #0 - TITLE STATEMENT
Title Introduction To Computers
250 ## - EDITION STATEMENT
Edition statement 7th
260 ## - PUBLICATION, DISTRIBUTION, ETC.
Place of publication, distribution, etc. New Delhi:
Name of publisher, distributor, etc. McGraw Hill Education (India) Private Limited
Date of publication, distribution, etc. ,2015.
300 ## - PHYSICAL DESCRIPTION
Extent 1226p.
Other physical details 0
Type of unit Original
500 ## - GENERAL NOTE
General note Includes Index
600 ## - SUBJECT ADDED ENTRY--PERSONAL NAME
Personal name Computer Science
650 ## - SUBJECT ADDED ENTRY--TOPICAL TERM
Topical term or geographic name entry element Computer science, information & general works
942 ## - ADDED ENTRY ELEMENTS (KOHA)
Koha item type Books
Holdings
Withdrawn status Lost status Damaged status Not for loan Collection Home library Current library Date acquired Source of acquisition Cost, normal purchase price Total checkouts Full call number Barcode Date due Date last seen Date last checked out Price effective from Koha item type
        Computer Science UITU Library UITU Library 10/13/2015 College Book Supplier 978.36 1 004 NOR Q10593 10/30/2025 10/29/2025 10/29/2025 09/25/2024 Books

Powered by Koha